00223nam a2200085Ia 4500008004100000100001800041245002700059260004200086260000900128170620s9999 xx 000 0 und d aPruthi- R. K. 0aEducational Psychology bNew Delhi- Discovery Publishing House c2006